Libertinagem. Estrela da manhã /
Gorde:
| Egile nagusia: | |
|---|---|
| Beste egile batzuk: | |
| Formatua: | Liburua |
| Hizkuntza: | Portuguese |
| Argitaratua: |
Madrid :
ALLCA XX,
1998.
|
| Edizioa: | 1. edición |
| Saila: | Colección Archivos;
número 33 |
| Gaiak: | |
| Etiketak: |
Etiketa erantsi
Etiketarik gabe, Izan zaitez lehena erregistro honi etiketa jartzen!
|
MARC
| LEADER | 00000cam a2200000 a 4500 | ||
|---|---|---|---|
| 001 | 1120495 | ||
| 005 | 20150219082038.0 | ||
| 008 | 940128s1998 sp ac b 000 0 por d | ||
| 020 | |a 8489666326 | ||
| 040 | |a DLC |c DLC |d DLC |d CRU CIICLA | ||
| 082 | 0 | 0 | |a Br869.1 |2 20 |b B214L |
| 100 | 1 | |a Bandeira, Manuel |d 1886-1968. | |
| 240 | 1 | 0 | |a Libertinagem |
| 245 | 1 | 0 | |a Libertinagem. Estrela da manhã / |c Manuel Bandeira ; ediciao crítica Giulia Lanciani coordenadora |
| 246 | 2 | 0 | |a Estrela da manha |
| 250 | |a 1. edición | ||
| 260 | |a Madrid : |c 1998. |b ALLCA XX, | ||
| 300 | |a lvii, 763 páginas: |c ilustraciones, retratos. | ||
| 490 | 1 | |a Colección Archivos; |v número 33 | |
| 500 | |a Mención de publicador de la cubierta: ALLCA XX / Universidad de Costa Rica. | ||
| 504 | |a Incluye referencias bibliográficas (páginas 769-781). | ||
| 600 | |a BANDEIRA, MANUEL |d 1886-1968 | ||
| 650 | 1 | 4 | |a LITERATURA BRASILEÑA |v POESIA |x CRITICA E INTERPRETACION |
| 700 | 1 | 2 | |a Lanciani, Giulia |e directora |
| 942 | |2 ddc |c BK | ||
| 999 | |c 3871 |d 3871 | ||



